Band or The Band? #6 - Statistics

General Stats
  • This quiz has been taken 345 times
  • The average score is 13 of 20
Answer Stats
Hint Answer % Correct
Pogues The
88%
Stooges The
88%
Weeknd The
85%
Specials The
84%
Kraftwerk The
83%
Cypress Hill The
82%
Slayer The
77%
Black Crowes The
75%
Isley Brothers The
74%
Procol Harum The
73%
Shangri-La's The
68%
Sonic Youth The
67%
Talking Heads The
65%
Happy Mondays The
64%
Delfonics The
54%
Notorious B.I.G. The
49%
Three Degrees The
47%
Gang of Four The
46%
Buzzcocks The
24%
Ramones The
24%
No matching quizzes found
Score Distribution
Percent of People with Each Score
Percentile by Number Answered
Your Score History
You have not taken this quiz